5HLuxD.jpg

KING HENRY VIII SENIOR AND PRIMARY SCHOOL LIBRARY OPAC

Maps and geography / (Record no. 4311)

000 -LEADER
fixed length control field 00504cam a2200169 i 4500
008 - FIXED-LENGTH DATA ELEMENTS--GENERAL INFORMATION
fixed length control field 130131s2014 nyuab j 000 0 eng
010 ## - LIBRARY OF CONGRESS CONTROL NUMBER
LC control number 2012050862
020 ## - INTERNATIONAL STANDARD BOOK NUMBER
International Standard Book Number 9781442473287 (trade pbk.)
020 ## - INTERNATIONAL STANDARD BOOK NUMBER
Canceled/invalid ISBN 9781442473294 (ebook)
050 00 - LIBRARY OF CONGRESS CALL NUMBER
Classification number G133
Item number .J47 2014
082 00 - DEWEY DECIMAL CLASSIFICATION NUMBER
Classification number 910
Edition number 23
100 1# - MAIN ENTRY--PERSONAL NAME
Personal name Jennings, Ken,
Dates associated with a name 1974-
245 10 - TITLE STATEMENT
Title Maps and geography /
Statement of responsibility, etc. by Ken Jennings ; illustrated by Mike Lowery.
250 ## - EDITION STATEMENT
Edition statement First edition.
300 ## - PHYSICAL DESCRIPTION
Extent 160 pages :
Other physical details illustrations, maps ;
Dimensions 20 cm.
942 ## - ADDED ENTRY ELEMENTS (KOHA)
Source of classification or shelving scheme
Holdings
Withdrawn status Lost status Source of classification or shelving scheme Damaged status Not for loan Collection code Permanent Location Current Location Shelving location Date acquired Full call number Barcode Date last seen Price effective from Koha item type Public note
          Non-Fiction KH8 Primary School Library KH8 Primary School Library Non Fiction 2025-02-06 910 3KHPL000002098 2025-12-05 2025-02-06 Books - Non Ficton KH8 PRIMARY LIBRARY

Powered By KH8 IT Dept